Распространение сейсмических волн (Запись № 4503960)

Подробности
000 -МАРКЕР
контрольное поле 02090nam0a2200337 i 4500
001 - ИДЕНТИФИКАТОР ЗАПИСИ
контрольное поле RU\NLR\bibl\2033223
005 - ИДЕНТИФИКАТОР ВЕРСИИ
контрольное поле 20260406023444.0
010 ## - МЕЖДУНАРОДНЫЙ СТАНДАРТНЫЙ НОМЕР КНИГИ (ISBN)
Номер (ISBN) 9785919610533
Тираж 500
021 ## - НОМЕР ГОСУДАРСТВЕННОЙ РЕГИСТРАЦИИ
Код страны российская федерация
Номер 2013-30285
Номер Листа государственной регистраци 2079
035 ## - ДРУГИЕ СИСТЕМНЫЕ НОМЕРА
Идентификатор записи (NLR Aleph) 002020883
100 ## - ДАННЫЕ ОБЩЕЙ ОБРАБОТКИ
Данные общей обработки 20130516d2012 u y0rusy50 ca
101 0# - ЯЗЫК РЕСУРСА
Язык текста, звукозаписи и т.д. русский
102 ## - СТРАНА ПУБЛИКАЦИИ ИЛИ ПРОИЗВОДСТВА
Страна публикации российская федерация
105 ## - ПОЛЕ КОДИРОВАННЫХ ДАННЫХ: ТЕКСТОВЫЕ МАТЕРИАЛЫ, МОНОГРАФИЧЕСКИЕ
Кодированные данные о монографическом текстовом документе ac |||||||||
200 1# - ЗАГЛАВИЕ И СВЕДЕНИЯ ОБ ОТВЕТСТВЕННОСТИ
Основное заглавие Распространение сейсмических волн
Параллельное заглавие Seismic wave propagation
Сведения, относящиеся к заглавию учебник
-- для студентов высших учебных заведений, обучающихся по специальности 130102 "Технология геологический разведки" (специализация "Геофозические исследования скважин", "Сейсморазведка") направления подготовки дипломированных специалистов 130100 "Прикладная геология"
Первые сведения об ответственности Л.А. Сердобольский
Последующие сведения об ответственности [Нац. исслед. ун-т РГУ нефти и газа им. И.М. Губкина]
Язык параллельного заглавия английский
210 ## - ПУБЛИКАЦИЯ, РАСПРОСТРАНЕНИЕ И ДР.
Место издания, распространения и т.д. Москва
Имя издателя, распространителя и т. д. Издательский центр РГУ нефти и газа
Дата издания, распространения и т.д. 2012
215 ## - ФИЗИЧЕСКАЯ ХАРАКТЕРИСТИКА
Специфическое обозначение материала и объем 252 с.
Другие сведения о физической характеристике ил., портр.
Размеры 22
225 1# - СЕРИЯ
Основное заглавие серии Учебник
300 ## - ОБЩИЕ ПРИМЕЧАНИЯ
Текст примечания Авт. также на англ. яз.: L. A. Serdobolsky
320 ## - ПРИМЕЧАНИЯ О НАЛИЧИИ В ДОКУМЕНТЕ БИБЛИОГРАФИИ / УКАЗАТЕЛЯ
Текст примечания Библиогр.: с. 247 (5 назв.)
510 1# - ПАРАЛЛЕЛЬНОЕ ЗАГЛАВИЕ
Связь между полями z22790
Параллельное заглавие Seismic wave propagation
Язык заглавия английский
606 1# - НАИМЕНОВАНИЕ ТЕМЫ КАК ПРЕДМЕТ
Наименование темы Сейсмические волны
Формальный подзаголовок Учебники для высших учебных заведений
Тематический подзаголовок Распространение
Системный номер авторитетной/нормативной записи 1103384
Идентификатор авторитетной/нормативной записи RU\NLR\auth\66434852
686 ## - ИНДЕКСЫ ДРУГИХ КЛАССИФИКАЦИЙ
Индекс Д217.3-3я73-1
700 #1 - ИМЯ ЛИЦА - ПЕРВИЧНАЯ ОТВЕТСТВЕННОСТЬ
Код отношения Автор
Материалы, к которым относится поле rus
Графика поля Кириллица
Начальный элемент ввода Сердобольский
Часть имени, кроме начального элемента ввода Л. А.
Даты 1936-2010
Расширение инициалов личного имени Лев Александрович
Идентификатор авторитетной/нормативной записи RU\NLR\auth\77125015
Системный номер авторитетной/нормативной записи 107940
790 #1 - ИМЯ ЛИЦА - АЛЬТЕРНАТИВНАЯ ФОРМА
Код отношения Автор
Материалы, к которым относится поле rus
Графика поля Латинская
Начальный элемент ввода Serdobol'skij
Часть имени, кроме начального элемента ввода L. A.
Даты 1936-2010
Расширение инициалов личного имени Lev Aleksandrovič
Идентификатор авторитетной/нормативной записи RU\NLR\auth\77125017
Системный номер авторитетной/нормативной записи 107942
801 #0 - ИСТОЧНИК ЗАПИСИ
Страна российская федерация
Организация NLR
Дата составления 20130516
Правила каталогизации RCR
801 #1 - ИСТОЧНИК ЗАПИСИ
Страна российская федерация
Организация NLR
Дата составления 20130516
942 ## - ДОПОЛНИТЕЛЬНЫЕ ЭЛЕМЕНТЫ ЗАПИСИ (АБИС)
Тип экземпляра АБИС Книга
980 ## - КОЛЛЕКЦИЯ
Название коллекции НБР

Нет доступных экземпляров.